000 00259nam a22001217a 4500
008 170421b xxu||||| |||| 00| 0 eng d
041 _aALB
080 _a573
100 _a11
101 _aSHM
245 _aPARAZITET E ZORREVE
_cHARITO, TH
942 _2udc
_cBK
999 _c11383
_d11383